000 01102nam a2200253 i 4500
001 177386
003 ES-MaACL
005 20250814085652.0
007 t|
008 110321s2010 sp a ||||1| spa d
080 _a791.43(083.97)
111 2 _aSemana de Cine Experimental de Madrid (
_n20ª.
_d2010)
_9145740
245 1 0 _a20ª Semana de Cine Experimental de Madrid
_b: 19 a 26 de noviembre de 2010 : Cines Golem, Sala Berlanga, Pequeño Cinestudio.
260 _aMadrid :
_bInstituto de la Cinematografía y de las Artes Audiovisuales,
_c[2010]
300 _a169 p. :
_bil. col. y n. ;
_c30 cm.
500 _aEn esta ed. del Festival ha colaborado, entre otras entidades, el Ateneo de Madrid.
610 2 4 _aAteneo de Madrid-
_xProyecciones cinematográficas.
_91933
650 1 7 _aCine experimental
_2embne
_9143909
710 2 _aInstituto de la Cinematografía y de las Artes Audiovisuales
_94978
852 4 _aES-MaACL
_j2276-F-13
_cDEPOF
856 4 _uhttp://www.semanacineexperimentalmadrid.com/10/secciones/portada.php
_zDocumento
942 _2udc
999 _c177386
_d177386